000 01276nam a2200301 a 4500
001 ebr10522042
003 CaPaEBR
006 m u
007 cr cn|||||||||
008 120130s2011 enk sb 001 0 eng d
020 _z9781845119218
020 _z9780857720245 (e-book)
040 _aCaPaEBR
_cCaPaEBR
035 _a(OCoLC)778432344
050 1 4 _aDS201.2
_b.L44 2011eb
100 1 _aLegrenzi, Matteo.
245 1 0 _aGCC and the international relations of the Gulf
_h[electronic resource] :
_bdiplomacy, security and economic coordination in a changing Middle East /
_cMatteo Legrenzi.
260 _aLondon :
_bI.B. Tauris,
_c2011.
300 _aviii, 204 p.
490 1 _aLibrary of international relations ;
_v44
504 _aIncludes bibliographical references and index.
533 _aElectronic reproduction.
_bPalo Alto, Calif. :
_cebrary,
_d2012.
_nAvailable via World Wide Web.
_nAccess may be limited to ebrary affiliated libraries.
610 2 0 _aGulf Cooperation Council.
655 7 _aElectronic books.
_2local
710 2 _aebrary, Inc.
830 0 _aLibrary of international relations (Series) ;
_v44.
856 4 0 _uhttp://site.ebrary.com/lib/rucke/Doc?id=10522042
_zAn electronic book accessible through the World Wide Web; click to view
999 _c142369
_d142369